Người Quảng Nam : Ký và tản văn
Kaydedildi:
| Yazar: | |
|---|---|
| Materyal Türü: | Kitap |
| Dil: | Undetermined |
| Baskı/Yayın Bilgisi: |
Đà Nẵng
Nhà xuất bản Đà Nẵng
2007
|
| Konular: | |
| Etiketler: |
Etiketle
Etiket eklenmemiş, İlk siz ekleyin!
|
| Thư viện lưu trữ: | Trung tâm Học liệu Trường Đại học Cần Thơ |
|---|
| LEADER | 00598nam a2200217Ia 4500 | ||
|---|---|---|---|
| 001 | CTU_123813 | ||
| 008 | 210402s9999 xx 000 0 und d | ||
| 020 | |c 50000 | ||
| 082 | |a 895.92284 | ||
| 082 | |b Qu451 | ||
| 100 | |a Lê, Minh Quốc | ||
| 245 | 0 | |a Người Quảng Nam : | |
| 245 | 0 | |b Ký và tản văn | |
| 245 | 0 | |c Lê Minh Quốc | |
| 260 | |a Đà Nẵng | ||
| 260 | |b Nhà xuất bản Đà Nẵng | ||
| 260 | |c 2007 | ||
| 650 | |a Vietnamese literature | ||
| 650 | |y 21st century | ||
| 904 | |i Minh | ||
| 980 | |a Trung tâm Học liệu Trường Đại học Cần Thơ | ||